[Event "19MCR_F"]
[Site "?"]
[Date "2007.??.??"]
[Round "?"]
[White "Sykora, Josef"]
[Black "Kuta, Jiri"]
[Result "1/2-1/2"]
[WhiteElo "2365"]
[BlackElo "2330"]
[PlyCount "68"]
[EventDate "2007.??.??"]
[EventType "corr"]
[EventRounds "1"]
[SourceDate "2007.03.26"]

1. c4 e5 2. Nc3 Nf6 3. Nf3 Nc6 4. g3 Bc5 5. Bg2 d6 6. O-O O-O 7. d3 h6 8. b3 a6
9. Bb2 Re8 10. e3 Ba7 11. Rc1 Be6 12. h3 Rb8 13. Kh2 Qd7 14. e4 Nh7 15. Ne2 Qd8
16. d4 Bd7 17. dxe5 dxe5 18. Rc2 Nf6 19. Rd2 b5 20. cxb5 axb5 21. Nh4 Bc5 22.
a3 b4 23. a4 Qe7 24. f4 Bd6 25. Nf5 Bxf5 26. exf5 Na5 27. fxe5 Bxe5 28. Bxe5
Qxe5 29. Nd4 Rbd8 30. Nc6 Nxc6 31. Bxc6 Ne4 32. Bxe4 Rxd2+ 33. Qxd2 Qxe4 34.
Rf2 f6 1/2-1/2

[Event "19MCR_F"]
[Site "?"]
[Date "2007.??.??"]
[Round "?"]
[White "Sykora, Josef"]
[Black "Mateka, Petr"]
[Result "1/2-1/2"]
[WhiteElo "2365"]
[BlackElo "2275"]
[PlyCount "78"]
[EventDate "2007.??.??"]
[EventType "corr"]
[EventRounds "1"]
[SourceDate "2007.03.26"]

1. c4 e5 2. Nc3 Nf6 3. Nf3 Nc6 4. g3 Bc5 5. Bg2 O-O 6. O-O d6 7. d3 h6 8. b3
Re8 9. Bb2 Bf5 10. e3 Nb4 11. Ne1 Nc6 12. h3 Qd7 13. Kh2 a5 14. a3 Ba7 15. Nd5
Nxd5 16. cxd5 Ne7 17. e4 Bg6 18. f4 f6 19. h4 Rf8 20. Bh3 Qe8 21. fxe5 fxe5 22.
Rxf8+ Qxf8 23. Qe2 c6 24. Nf3 cxd5 25. Rf1 Qe8 26. Be6+ Bf7 27. Bxf7+ Qxf7 28.
Nxe5 Qe6 29. Ng4 Rf8 30. Rxf8+ Kxf8 31. Qf3+ Kg8 32. exd5 Nxd5 33. h5 b5 34.
Kg2 Bc5 35. Qe4 Nc7 36. Qf3 Bb6 37. Bc3 a4 38. b4 Nd5 39. Bb2 Nc7 1/2-1/2

[Event "19MCR_F"]
[Site "?"]
[Date "2007.??.??"]
[Round "?"]
[White "Sykora, Josef"]
[Black "Nejtek, Jiri"]
[Result "1/2-1/2"]
[WhiteElo "2365"]
[BlackElo "2360"]
[PlyCount "91"]
[EventDate "2007.??.??"]
[EventType "corr"]
[EventRounds "1"]
[SourceDate "2007.03.26"]

1. c4 Nf6 2. Nc3 c5 3. g3 e6 4. Nf3 b6 5. Bg2 Bb7 6. O-O Be7 7. d4 cxd4 8. Nxd4
Bxg2 9. Kxg2 Qc8 10. Qd3 Nc6 11. b3 O-O 12. Bb2 Nxd4 13. Qxd4 Qb7+ 14. e4 a6
15. f3 d6 16. a4 Rfc8 17. Rad1 Bf8 18. Ba3 Rc6 19. Qe3 Nd7 20. Ne2 Nc5 21. Rd2
Be7 22. Rfd1 Rac8 23. h4 h6 24. Bb4 R6c7 25. Kh3 Qb8 26. Nd4 Qb7 27. g4 Re8 28.
g5 h5 29. Kg2 Qc8 30. Ne2 e5 31. Rb1 Rc6 32. Nc3 f6 33. Bxc5 dxc5 34. Nd5 Bd8
35. gxf6 Bxf6 36. Qf2 Qd8 37. Rh1 Rf8 38. Kf1 Qe8 39. Ke2 b5 40. axb5 axb5 41.
cxb5 Rc8 42. Qe3 Qxb5+ 43. Qd3 c4 44. bxc4 Rxc4 45. Rc1 Rc5 46. Nxf6+ 1/2-1/2

[Event "19MCR_F"]
[Site "?"]
[Date "2007.??.??"]
[Round "?"]
[White "Sykora, Josef"]
[Black "Pravec, Ladislav"]
[Result "1/2-1/2"]
[WhiteElo "2365"]
[BlackElo "2352"]
[PlyCount "60"]
[EventDate "2007.??.??"]
[EventType "corr"]
[EventRounds "1"]
[SourceDate "2007.03.26"]

1. c4 Nf6 2. Nc3 g6 3. g3 Bg7 4. Bg2 O-O 5. Nf3 d6 6. O-O e5 7. d3 Nc6 8. Rb1
a5 9. a3 h6 10. b4 axb4 11. axb4 Be6 12. b5 Ne7 13. Bb2 Qd7 14. Re1 Bh3 15. Bh1
Ng4 16. Qb3 Kh8 17. Nd5 Nxd5 18. cxd5 f5 19. Rec1 Kh7 20. Nd2 h5 21. b6 cxb6
22. Qxb6 Rf7 23. Ra1 Rxa1 24. Rxa1 Qc7 25. Qb4 b5 26. Bg2 Bxg2 27. Kxg2 Qb6 28.
d4 e4 29. Rc1 e3 30. Nf3 Bh6 1/2-1/2

[Event "19MCR_F"]
[Site "?"]
[Date "2007.??.??"]
[Round "?"]
[White "Sykora, Josef"]
[Black "Pytlik, Lesek"]
[Result "1/2-1/2"]
[WhiteElo "2365"]
[BlackElo "2382"]
[PlyCount "95"]
[EventDate "2007.??.??"]
[EventType "corr"]
[EventRounds "1"]
[SourceDate "2007.03.26"]

1. c4 Nf6 2. Nc3 e5 3. Nf3 Nc6 4. g3 Bb4 5. Nd5 e4 6. Nh4 Bc5 7. Bg2 O-O 8. O-O
Re8 9. d3 exd3 10. Qxd3 Ne5 11. Qc2 Nxd5 12. cxd5 d6 13. b3 a5 14. Bb2 Qg5 15.
Rad1 Bg4 16. Rd2 Qh5 17. Bc3 Bb6 18. h3 Bd7 19. Bd4 Rac8 20. f4 Ng6 21. Bf3 Qh6
22. Nxg6 hxg6 23. h4 f6 24. Rf2 g5 25. hxg5 fxg5 26. Rh2 Qf6 27. Kg2 Bxd4 28.
fxg5 Qxg5 29. Rxd4 Bf5 30. Qc4 Qe3 31. Rf4 Rf8 32. Rfh4 Rfe8 33. Kf1 Qe5 34.
Rh8+ Kf7 35. R8h5 Qf6 36. Kg2 g5 37. Rh6 Qe5 38. g4 Be4 39. Re6 Bxf3+ 40. exf3
Qb2+ 41. Kg3 Qb1 42. Rxe8 Rxe8 43. Qxc7+ Re7 44. Qc2 Qe1+ 45. Qf2 Qb1 46. Rg2
Qa1 47. Rg1 Qe5+ 48. Kg2 1/2-1/2

[Event "19MCR_F"]
[Site "?"]
[Date "2007.??.??"]
[Round "?"]
[White "Sykora, Josef"]
[Black "Volek, Stanislav"]
[Result "1/2-1/2"]
[WhiteElo "2365"]
[BlackElo "2305"]
[PlyCount "57"]
[EventDate "2007.??.??"]
[EventType "corr"]
[EventRounds "1"]
[SourceDate "2007.03.26"]

1. c4 Nf6 2. Nc3 c5 3. g3 e6 4. Nf3 b6 5. Bg2 Bb7 6. O-O Be7 7. d4 Ne4 8. Nxe4
Bxe4 9. Bf4 O-O 10. dxc5 bxc5 11. Qd2 d5 12. cxd5 exd5 13. Rfd1 Qb6 14. Rac1
Rd8 15. Ne1 Bxg2 16. Nxg2 d4 17. b3 Nc6 18. Ne1 a5 19. Nd3 Nb4 20. Rc4 h6 21.
Qb2 Re8 22. Bc1 Nd5 23. Re1 a4 24. e4 dxe3 25. Bxe3 Bf6 26. Qd2 Nxe3 27. Rxe3
axb3 28. axb3 Qxb3 29. Rxc5 1/2-1/2

[Event "19MCR_F"]
[Site "?"]
[Date "2007.??.??"]
[Round "?"]
[White "Sykora, Josef"]
[Black "Vozda, Jindrich"]
[Result "1/2-1/2"]
[WhiteElo "2365"]
[BlackElo "2469"]
[PlyCount "63"]
[EventDate "2007.??.??"]
[EventType "corr"]
[EventRounds "1"]
[SourceDate "2007.03.26"]

1. c4 e5 2. Nc3 d6 3. g3 Be6 4. Bg2 Nc6 5. d3 Qd7 6. Rb1 Nge7 7. Nd5 Nd8 8. d4
c6 9. Nxe7 Bxe7 10. d5 Bg4 11. f3 Bh5 12. Be3 O-O 13. Nh3 cxd5 14. cxd5 f5 15.
O-O Nf7 16. Rc1 Rac8 17. Qb3 b5 18. Nf2 a5 19. Rxc8 Rxc8 20. Rc1 b4 21. Rc4 g5
22. Bb6 Rxc4 23. Qxc4 Bd8 24. Bxd8 Qxd8 25. Bh3 Bg6 26. e4 fxe4 27. fxe4 h5 28.
Be6 g4 29. Qa6 Kf8 30. Bxf7 Kxf7 31. Qb7+ Kf8 32. Kg2 1/2-1/2

[Event "19MCR_F"]
[Site "?"]
[Date "2007.??.??"]
[Round "?"]
[White "Valak, Alois"]
[Black "Brousek, Jiri"]
[Result "1/2-1/2"]
[WhiteElo "2353"]
[BlackElo "2300"]
[PlyCount "48"]
[EventDate "2007.??.??"]
[EventType "corr"]
[EventRounds "1"]
[SourceDate "2007.03.26"]

1. d4 e6 2. c4 Nf6 3. Nc3 d5 4. Nf3 Be7 5. Bg5 O-O 6. e3 b6 7. cxd5 Nxd5 8.
Bxe7 Qxe7 9. Nxd5 exd5 10. Rc1 Bb7 11. Bd3 g6 12. O-O c5 13. b3 Nd7 14. Qd2
Rac8 15. Rfd1 Rfd8 16. a4 a5 17. Bb5 cxd4 18. exd4 Nf6 19. Qg5 Qd6 20. h4 Ne4
21. Qe3 Rxc1 22. Rxc1 Rc8 23. Rxc8+ Bxc8 24. Bd3 Nf6 1/2-1/2

[Event "19MCR_F"]
[Site "?"]
[Date "2007.??.??"]
[Round "?"]
[White "Valak, Alois"]
[Black "Kuta, Jiri"]
[Result "0-1"]
[WhiteElo "2353"]
[BlackElo "2330"]
[PlyCount "96"]
[EventDate "2007.??.??"]
[EventType "corr"]
[EventRounds "1"]
[SourceDate "2007.03.26"]

1. d4 Nf6 2. c4 e6 3. Nf3 Bb4+ 4. Bd2 Qe7 5. g3 Nc6 6. Bg2 Bxd2+ 7. Nbxd2 d6 8.
O-O e5 9. d5 Nb8 10. Qa4+ Nbd7 11. Qc2 a5 12. e3 O-O 13. Nb3 b6 14. Nh4 g6 15.
e4 c6 16. dxc6 Nb8 17. Nc1 Nxc6 18. Ne2 Bg4 19. b3 Rfc8 20. Nc3 Nd4 21. Qd2 Rc5
22. f3 Bd7 23. f4 b5 24. fxe5 dxe5 25. Nf3 Nxf3+ 26. Rxf3 Ra6 27. Nd5 Nxd5 28.
cxd5 Kg7 29. Rff1 Ra8 30. d6 Qe6 31. Rfc1 Rxc1+ 32. Rxc1 Ra6 33. Rd1 a4 34. b4
Qc4 35. h3 h5 36. h4 a3 37. Kh2 Ra4 38. Rb1 Qe6 39. Rd1 Ra8 40. Bf1 Rc8 41. Qg2
Qf6 42. Kg1 Rc3 43. Kh2 Rc6 44. Qd2 Bg4 45. d7 Bxd1 46. d8=Q Rc2 47. Bg2 Rxd2
48. Qxd2 Qe6 0-1

[Event "19MCR_F"]
[Site "?"]
[Date "2007.??.??"]
[Round "?"]
[White "Valak, Alois"]
[Black "Mateka, Petr"]
[Result "1/2-1/2"]
[WhiteElo "2353"]
[BlackElo "2275"]
[PlyCount "50"]
[EventDate "2007.??.??"]
[EventType "corr"]
[EventRounds "1"]
[SourceDate "2007.03.26"]

1. d4 Nf6 2. c4 e6 3. Nf3 d5 4. Nc3 Be7 5. Bg5 h6 6. Bxf6 Bxf6 7. e3 O-O 8. Rc1
c6 9. Bd3 Nd7 10. O-O dxc4 11. Bxc4 e5 12. Ne4 exd4 13. Nxd4 Be5 14. f4 Bxd4
15. Qxd4 Nb6 16. Nd6 Nxc4 17. Rxc4 Be6 18. Ra4 Qd7 19. f5 Bd5 20. Ne4 b5 21. f6
Rfe8 22. Nc5 Qc7 23. Ra3 Bc4 24. fxg7 Rad8 25. Ne4 Rxe4 1/2-1/2

[Event "19MCR_F"]
[Site "?"]
[Date "2007.??.??"]
[Round "?"]
[White "Valak, Alois"]
[Black "Pravec, Ladislav"]
[Result "1/2-1/2"]
[WhiteElo "2353"]
[BlackElo "2352"]
[PlyCount "95"]
[EventDate "2007.??.??"]
[EventType "corr"]
[EventRounds "1"]
[SourceDate "2007.03.26"]

1. d4 Nf6 2. c4 e6 3. Nf3 b6 4. g3 Ba6 5. b3 Bb4+ 6. Bd2 Be7 7. Bg2 c6 8. Bc3
d5 9. Ne5 Ne4 10. O-O Nxc3 11. Nxc3 O-O 12. cxd5 cxd5 13. Re1 Bb7 14. e4 dxe4
15. Bxe4 Bxe4 16. Rxe4 Bf6 17. Qf3 Nd7 18. Rd1 Rc8 19. Nb5 Rc2 20. a4 a6 21.
Nd6 Qc7 22. Nec4 Qc6 23. Qd3 Ra2 24. d5 exd5 25. Qxd5 Qxd5 26. Rxd5 Nc5 27. Re3
Ne6 28. Red3 Rb8 29. Ne4 Ba1 30. Rd6 b5 31. Rd2 Rxd2 32. Ncxd2 Ra8 33. Kg2 g6
34. h4 Ra7 35. Rb6 bxa4 36. bxa4 Kg7 37. f4 Bd4 38. Rd6 Ba1 39. Nb3 Bb2 40. Ng5
Nf8 41. Rc6 Ba3 42. a5 Be7 43. Kf2 Bd8 44. Ne4 Ne6 45. Ned2 Kf8 46. Ke3 Ke7 47.
Nc4 Rc7 48. Rxc7+ 1/2-1/2

[Event "19MCR_F"]
[Site "?"]
[Date "2007.??.??"]
[Round "?"]
[White "Valak, Alois"]
[Black "Pytlik, Lesek"]
[Result "1-0"]
[WhiteElo "2353"]
[BlackElo "2382"]
[PlyCount "107"]
[EventDate "2007.??.??"]
[EventType "corr"]
[EventRounds "1"]
[SourceDate "2007.03.26"]

1. d4 b6 2. e4 Bb7 3. Bd3 e6 4. Nf3 c5 5. c3 Nc6 6. d5 Nce7 7. c4 Ng6 8. e5 d6
9. dxe6 fxe6 10. Nc3 Qd7 11. Nb5 d5 12. Qc2 O-O-O 13. Bg5 Be7 14. Bxg6 hxg6 15.
Nd6+ Bxd6 16. Bxd8 Be7 17. Bxe7 Nxe7 18. cxd5 Bxd5 19. O-O-O Kb8 20. Rhg1 Qc6
21. h3 Nf5 22. Rd2 Bxf3 23. gxf3 Qxf3 24. Qd1 Qf4 25. Rg4 Qxe5 26. Rd7 Rc8 27.
Qh1 Nd6 28. Ra4 a5 29. Qf3 Qg5+ 30. Qe3 Qd5 31. Qg3 Rc6 32. Rh4 Kc8 33. Rxg7
Rc7 34. Qxg6 Kb7 35. a4 Rxg7 36. Qxg7+ Kc6 37. Qg8 Qd3 38. Qg2+ Kc7 39. Rg4 Nf5
40. h4 Kd6 41. Qh2+ Kd7 42. Qh1 Nd4 43. Qb7+ Kd6 44. Qxb6+ Nc6 45. Rf4 Qe2 46.
Kb1 Kd5 47. Qb5 Qe1+ 48. Ka2 Nb4+ 49. Rxb4 axb4 50. h5 Qc1 51. a5 Kd6 52. Qe2
Qh1 53. Qa6+ Ke5 54. f4+ 1-0

[Event "19MCR_F"]
[Site "?"]
[Date "2007.??.??"]
[Round "?"]
[White "Valak, Alois"]
[Black "Sykora, Josef"]
[Result "1/2-1/2"]
[WhiteElo "2353"]
[BlackElo "2365"]
[PlyCount "96"]
[EventDate "2007.??.??"]
[EventType "corr"]
[EventRounds "1"]
[SourceDate "2007.03.26"]

1. d4 d5 2. c4 c6 3. Nf3 e6 4. Nc3 Nf6 5. e3 Nbd7 6. Bd3 dxc4 7. Bxc4 b5 8. Bd3
Bb7 9. e4 b4 10. Na4 c5 11. e5 Nd5 12. O-O cxd4 13. Re1 g6 14. Bg5 Qa5 15. Nxd4
a6 16. a3 bxa3 17. bxa3 Bg7 18. Rb1 Rb8 19. Bd2 Qd8 20. Be4 O-O 21. f4 Ba8 22.
Rc1 Rc8 23. Rc2 g5 24. Bxd5 Bxd5 25. Rxc8 Qxc8 26. Bb4 Rd8 27. Be7 gxf4 28.
Bxd8 Qxd8 29. Nc3 Bb7 30. Nf3 Qc7 31. Ne4 Nxe5 32. Nxe5 Bxe5 33. Qg4+ Kf8 34.
Qh4 Qa5 35. Ng5 Qd2 36. Nf3 Bxf3 37. gxf3 Bf6 38. Qh6+ Bg7 39. Qh4 Bd4+ 40. Kh1
Bf2 41. Qh6+ Ke8 42. Rf1 Qe2 43. Qh3 Bd4 44. Rc1 Qe3 45. Rf1 Qd3 46. a4 Be3 47.
Ra1 Qd5 48. Qf1 Kf8 1/2-1/2

[Event "19MCR_F"]
[Site "?"]
[Date "2007.??.??"]
[Round "?"]
[White "Valak, Alois"]
[Black "Volek, Stanislav"]
[Result "1/2-1/2"]
[WhiteElo "2353"]
[BlackElo "2305"]
[PlyCount "70"]
[EventDate "2007.??.??"]
[EventType "corr"]
[EventRounds "1"]
[SourceDate "2007.03.26"]

1. d4 Nf6 2. c4 e6 3. Nf3 c5 4. d5 d6 5. Nc3 exd5 6. cxd5 g6 7. e4 a6 8. Bf4 b5
9. Qe2 Be7 10. Qc2 O-O 11. Be2 Re8 12. Nd2 Bf8 13. Bg5 Nbd7 14. O-O h6 15. Bh4
b4 16. Na4 g5 17. Bg3 Nxd5 18. Nc4 Nf4 19. Bxf4 gxf4 20. Rfd1 Ne5 21. Ncb6 Rb8
22. Nxc8 Qxc8 23. f3 Qe6 24. Kh1 a5 25. Rd5 Kh8 26. Rad1 Be7 27. b3 Rg8 28. Qd2
Qf6 29. Nb2 Rg5 30. Nc4 Rbg8 31. Nxe5 dxe5 32. Bf1 h5 33. Qf2 Ra8 34. Bb5 Rag8
35. Bf1 Ra8 1/2-1/2

[Event "19MCR_F"]
[Site "?"]
[Date "2007.??.??"]
[Round "?"]
[White "Valak, Alois"]
[Black "Vozda, Jindrich"]
[Result "1/2-1/2"]
[WhiteElo "2353"]
[BlackElo "2469"]
[PlyCount "70"]
[EventDate "2007.??.??"]
[EventType "corr"]
[EventRounds "1"]
[SourceDate "2007.03.26"]

1. d4 Nf6 2. c4 e6 3. Nf3 b6 4. g3 Ba6 5. Qb3 Nc6 6. Nbd2 Na5 7. Qc2 c5 8. dxc5
Bxc5 9. a3 Be7 10. e4 Rc8 11. e5 Nd5 12. Qa4 Nc7 13. Qd1 Bb7 14. b4 Nc6 15. Bb2
O-O 16. Bg2 Ne8 17. O-O f6 18. exf6 Bxf6 19. Qb3 Ne7 20. Bxf6 Nxf6 21. Rfe1 Qc7
22. Rac1 a5 23. Rb1 Rb8 24. Qe3 axb4 25. Rxb4 Ba8 26. Reb1 Nf5 27. Qe5 Nd6 28.
a4 Rbc8 29. Qd4 Nfe4 30. Qxb6 Nxd2 31. Nxd2 Qxb6 32. Rxb6 Nxc4 33. Nxc4 Rxc4
34. R6b4 Rc2 35. R4b2 Bxg2 1/2-1/2

[Event "19MCR_F"]
[Site "?"]
[Date "2007.??.??"]
[Round "?"]
[White "Volek, Stanislav"]
[Black "Boukal, Petr"]
[Result "0-1"]
[WhiteElo "2305"]
[BlackElo "2412"]
[PlyCount "114"]
[EventDate "2007.??.??"]
[EventType "corr"]
[EventRounds "1"]
[SourceDate "2007.03.26"]

1. e4 g6 2. d4 d6 3. Nc3 c6 4. a4 Bg7 5. Nf3 Nf6 6. Be2 O-O 7. O-O Qc7 8. h3
Nbd7 9. a5 e5 10. dxe5 dxe5 11. Be3 Rd8 12. Qb1 Nf8 13. Qa2 Be6 14. Qa4 h6 15.
Rfd1 Rxd1+ 16. Rxd1 N8d7 17. Nd2 Rd8 18. Bc4 Bxc4 19. Nxc4 b5 20. axb6 axb6 21.
f3 Bf8 22. Qa6 Rb8 23. Ne2 Nc5 24. Qa1 Ne6 25. b4 Nd7 26. c3 b5 27. Nb2 Nb6 28.
Kh1 c5 29. bxc5 Nxc5 30. Bf2 Ra8 31. Qb1 Nc4 32. Bxc5 Qxc5 33. Nxc4 Qxc4 34.
Rd2 h5 35. Qd1 h4 36. Rb2 Ba3 37. Rb1 Be7 38. Qd7 Bg5 39. Qd5 Qxd5 40. exd5 Ra2
41. f4 Be7 42. Nc1 Rd2 43. Nb3 Rxd5 44. fxe5 Kf8 45. Kg1 Rxe5 46. Nd4 Bc5 47.
Kf1 Bxd4 48. cxd4 Rd5 49. Ke2 Ke7 50. Kf3 Kd6 51. Ke4 Rf5 52. Ke3 Rg5 53. Kf2
Kc6 54. Rc1+ Kb6 55. Rd1 Rd5 56. Ke3 b4 57. Rf1 b3 0-1

[Event "19MCR_F"]
[Site "?"]
[Date "2007.??.??"]
[Round "?"]
[White "Volek, Stanislav"]
[Black "Firla, Stanislav"]
[Result "1/2-1/2"]
[WhiteElo "2305"]
[BlackElo "2365"]
[PlyCount "51"]
[EventDate "2007.??.??"]
[EventType "corr"]
[EventRounds "1"]
[SourceDate "2007.03.26"]

1. d4 d5 2. Nf3 Nf6 3. c4 e6 4. Nc3 Be7 5. Bf4 O-O 6. e3 c5 7. dxc5 Bxc5 8. a3
Nc6 9. cxd5 Nxd5 10. Nxd5 exd5 11. Bd3 Bd6 12. Bxd6 Qxd6 13. O-O Qf6 14. b4 Bg4
15. Be2 Rfd8 16. b5 Ne5 17. Nd4 Bxe2 18. Qxe2 Qg6 19. a4 Rac8 20. Rfd1 Rc4 21.
a5 Rc5 22. Rdc1 Rxc1+ 23. Rxc1 Nc4 24. Qe1 Qe4 25. h3 h6 26. Ne2 1/2-1/2

[Event "19MCR_F"]
[Site "?"]
[Date "2007.??.??"]
[Round "?"]
[White "Volek, Stanislav"]
[Black "Hybl, Vladislav"]
[Result "1/2-1/2"]
[WhiteElo "2305"]
[BlackElo "2303"]
[PlyCount "83"]
[EventDate "2007.??.??"]
[EventType "corr"]
[EventRounds "1"]
[SourceDate "2007.03.26"]

1. d4 d5 2. Nf3 Nf6 3. c4 c6 4. Nc3 e6 5. e3 Nbd7 6. Qc2 Bd6 7. Be2 O-O 8. O-O
dxc4 9. Bxc4 a6 10. Rd1 b5 11. Be2 Qc7 12. Bd2 Bb7 13. b4 e5 14. Bd3 exd4 15.
exd4 Rfe8 16. Rdc1 h6 17. a3 Nb6 18. Re1 Rad8 19. h3 Bc8 20. Rad1 Rxe1+ 21.
Rxe1 Be6 22. Qc1 Nbd7 23. Ne4 Nxe4 24. Bxe4 Nf6 25. Qxc6 Nxe4 26. Qxe4 Bd5 27.
Qg4 Be6 28. Qh4 Rc8 29. Qe4 Qc6 30. Qxc6 Rxc6 31. Rc1 Rxc1+ 32. Bxc1 f6 33. Ne1
Bc4 34. g3 Kf7 35. Ng2 g5 36. Ne3 Bd3 37. Kg2 f5 38. Nd1 Ke6 39. Nc3 Bc7 40. f4
Bd8 41. fxg5 hxg5 42. g4 1/2-1/2

[Event "19MCR_F"]
[Site "?"]
[Date "2007.??.??"]
[Round "?"]
[White "Volek, Stanislav"]
[Black "Kuta, Jiri"]
[Result "1/2-1/2"]
[WhiteElo "2305"]
[BlackElo "2330"]
[PlyCount "137"]
[EventDate "2007.??.??"]
[EventType "corr"]
[EventRounds "1"]
[SourceDate "2007.03.26"]

1. d4 Nf6 2. Nf3 d5 3. c4 dxc4 4. e3 e6 5. Bxc4 c5 6. O-O a6 7. Bb3 b5 8. a4 b4
9. Nbd2 Bb7 10. Nc4 Nc6 11. a5 Qc7 12. Qe2 Be7 13. Bd2 O-O 14. Rfc1 Rfd8 15.
Be1 Nd7 16. Bc2 g6 17. dxc5 Nxc5 18. Nfd2 Rd5 19. Rd1 Rad8 20. f3 Bf6 21. Bg3
Qe7 22. Rac1 Na7 23. e4 Bd4+ 24. Kh1 Rh5 25. f4 Nb5 26. Nf3 Qf8 27. Rd2 Bf6 28.
e5 Be7 29. Bf2 Nc7 30. Nd6 Rxd6 31. exd6 Bxd6 32. Ne5 Nd5 33. Bg3 Qe7 34. Rd4
Bc7 35. Bd1 Rf5 36. Ng4 Qf8 37. Qc4 Bd6 38. Bc2 Rh5 39. Qe2 Qd8 40. Ra1 Qe7 41.
Qe1 Kg7 42. Qd2 Qe8 43. Ne3 Qb5 44. Nc4 Bc7 45. Qe1 Qc6 46. Qf1 Ne7 47. Rc1 Nd5
48. Ne5 Qe8 49. Qf2 Nxf4 50. Rxf4 Bxe5 51. Rxb4 Bxg3 52. Qxg3 Qe7 53. Rg4 e5
54. Re1 Qf6 55. Qe3 Ne6 56. Be4 Bxe4 57. Rxe4 Nd4 58. Qd3 Rf5 59. Kg1 Qd6 60.
Qc4 Ne6 61. Qc3 Nd4 62. b4 h6 63. Qc5 Qf6 64. h4 Qd8 65. Qb6 Qd5 66. Qxa6 Qb3
67. Qd6 Qc2 68. Kh1 Qf2 69. R1e3 1/2-1/2

[Event "19MCR_F"]
[Site "?"]
[Date "2007.??.??"]
[Round "?"]
[White "Volek, Stanislav"]
[Black "Laurenc, Petr"]
[Result "1/2-1/2"]
[WhiteElo "2305"]
[BlackElo "2484"]
[PlyCount "94"]
[EventDate "2007.??.??"]
[EventType "corr"]
[EventRounds "1"]
[SourceDate "2007.03.26"]

1. d4 d5 2. Nf3 Nf6 3. c4 c6 4. Nc3 e6 5. e3 Nbd7 6. Qc2 Bd6 7. Be2 O-O 8. O-O
dxc4 9. Bxc4 b5 10. Be2 Bb7 11. Rd1 Qc7 12. e4 e5 13. Bg5 exd4 14. Rxd4 Ne5 15.
h3 Nxf3+ 16. Bxf3 Qe7 17. Rad1 Be5 18. R4d2 Rad8 19. Be3 Rxd2 20. Rxd2 Rc8 21.
Rd1 a6 22. a4 h6 23. b3 b4 24. Nb1 c5 25. Nd2 Bc3 26. e5 Bxe5 27. Bxb7 Qxb7 28.
Nc4 Qc7 29. Nxe5 Qxe5 30. Qc4 Qe6 31. Qxe6 fxe6 32. Rd6 c4 33. bxc4 b3 34. Rb6
Rxc4 35. Rxb3 Rxa4 36. Rb6 Kf7 37. Rb7+ Kg6 38. Re7 Re4 39. Ra7 Nd5 40. Bc5 Ra4
41. Bf8 h5 42. Rxg7+ Kf6 43. Rh7 h4 44. Rh6+ Kf7 45. Bd6 a5 46. Rh8 Kg7 47. Re8
Kf6 1/2-1/2

[Event "19MCR_F"]
[Site "?"]
[Date "2007.??.??"]
[Round "?"]
[White "Volek, Stanislav"]
[Black "Nejtek, Jiri"]
[Result "1/2-1/2"]
[WhiteElo "2305"]
[BlackElo "2360"]
[PlyCount "60"]
[EventDate "2007.??.??"]
[EventType "corr"]
[EventRounds "1"]
[SourceDate "2007.03.26"]

1. d4 d5 2. Nf3 c6 3. c4 e6 4. Nc3 dxc4 5. a4 Bb4 6. e3 b5 7. Bd2 a5 8. axb5
Bxc3 9. Bxc3 cxb5 10. b3 Bb7 11. d5 Nf6 12. bxc4 b4 13. Bxf6 Qxf6 14. Qa4+ Nd7
15. Nd4 e5 16. Nb3 Ke7 17. Be2 Rhc8 18. O-O Nc5 19. Nxc5 Rxc5 20. Rad1 Kf8 21.
f4 e4 22. Rd4 Re8 23. Bg4 Ba6 24. Qa2 Qd6 25. Rfd1 g6 26. Rc1 f5 27. Bd1 Bc8
28. Ba4 Rd8 29. Qa1 Kf7 30. Rd2 Bd7 1/2-1/2

[Event "19MCR_F"]
[Site "?"]
[Date "2007.??.??"]
[Round "?"]
[White "Volek, Stanislav"]
[Black "Pravec, Ladislav"]
[Result "1/2-1/2"]
[WhiteElo "2305"]
[BlackElo "2352"]
[PlyCount "57"]
[EventDate "2007.??.??"]
[EventType "corr"]
[EventRounds "1"]
[SourceDate "2007.03.26"]

1. d4 Nf6 2. Nf3 g6 3. c4 Bg7 4. g3 O-O 5. Bg2 d5 6. cxd5 Nxd5 7. O-O Nb6 8.
Nc3 Nc6 9. d5 Na5 10. Qc2 Nxd5 11. Rd1 c6 12. Ne1 Bd7 13. Nxd5 cxd5 14. Rxd5 e6
15. Rd3 Qc8 16. Qxc8 Bxc8 17. Rb1 Nc6 18. Be3 e5 19. Rbd1 Be6 20. b3 a5 21. Bc5
Rfe8 22. Nc2 Rac8 23. R3d2 a4 24. bxa4 Na5 25. Bb4 Nc4 26. Bxb7 Rb8 27. Bc6
Rec8 28. Bb7 Re8 29. Bc6 1/2-1/2

[Event "19MCR_F"]
[Site "?"]
[Date "2007.??.??"]
[Round "?"]
[White "Volek, Stanislav"]
[Black "Storkan, Zdenek"]
[Result "1-0"]
[WhiteElo "2305"]
[BlackElo "2298"]
[PlyCount "113"]
[EventDate "2007.??.??"]
[EventType "corr"]
[EventRounds "1"]
[SourceDate "2007.03.26"]

1. d4 Nf6 2. Nf3 c5 3. d5 e6 4. Nc3 exd5 5. Nxd5 Nc6 6. e4 Be7 7. Bc4 O-O 8.
O-O d6 9. Bf4 Nxd5 10. Bxd5 Qc7 11. c3 Bg4 12. h3 Bh5 13. g4 Bg6 14. Bg3 Rae8
15. Nd2 h6 16. f4 Bh7 17. h4 Qd7 18. g5 Kh8 19. gxh6 gxh6 20. f5 Rg8 21. Kh2
Bf6 22. Nc4 Qe7 23. Qh5 Ne5 24. Rf4 Rg7 25. Ne3 Reg8 26. Rg1 b5 27. Kh3 Qf8 28.
Rg2 b4 29. cxb4 cxb4 30. Bh2 Rxg2 31. Nxg2 Qc8 32. Qe2 h5 33. Ne3 Qc5 34. Bg3
Rg7 35. Rf1 Ng4 36. Nc4 Be7 37. Qd2 Nf6 38. Ne3 a5 39. Rc1 Qb5 40. Bf4 Ng4 41.
Nxg4 Rxg4 42. Qd4+ f6 43. Qd2 Qa6 44. Bf7 Rg7 45. Bxh5 Qb7 46. Qc2 Bf8 47. Bg4
Bg8 48. Bf3 Qb6 49. Qd2 Qb8 50. b3 Be7 51. Bh5 Bh7 52. Bh6 Rg8 53. Bf7 Rc8 54.
Bc4 Qb6 55. h5 Qd8 56. Rg1 Bf8 57. Kh4 1-0

[Event "19MCR_F"]
[Site "?"]
[Date "2007.??.??"]
[Round "?"]
[White "Vozda, Jindrich"]
[Black "Boukal, Petr"]
[Result "1/2-1/2"]
[WhiteElo "2469"]
[BlackElo "2412"]
[PlyCount "41"]
[EventDate "2007.??.??"]
[EventType "corr"]
[EventRounds "1"]
[SourceDate "2007.03.26"]

1. e4 e6 2. d4 d5 3. Nc3 Bb4 4. Nge2 dxe4 5. a3 Bxc3+ 6. Nxc3 Nc6 7. Bf4 Nf6 8.
Bb5 Nd5 9. Qd2 Nxf4 10. Qxf4 f5 11. d5 exd5 12. O-O-O Qd6 13. Qxd6 cxd6 14.
Nxd5 Kd8 15. f3 exf3 16. gxf3 Be6 17. Nf4 Bf7 18. Rhg1 Rg8 19. Rxd6+ Kc7 20.
Rd3 g6 21. Rgd1 1/2-1/2

[Event "19MCR_F"]
[Site "?"]
[Date "2007.??.??"]
[Round "?"]
[White "Vozda, Jindrich"]
[Black "Brousek, Jiri"]
[Result "1-0"]
[WhiteElo "2469"]
[BlackElo "2300"]
[PlyCount "51"]
[EventDate "2007.??.??"]
[EventType "corr"]
[EventRounds "1"]
[SourceDate "2007.03.26"]

1. e4 e6 2. d4 d5 3. Nc3 Nf6 4. e5 Nfd7 5. f4 c5 6. Nf3 Nc6 7. Be3 cxd4 8. Nxd4
Bc5 9. Qd2 O-O 10. O-O-O a6 11. Nb3 Bb4 12. Bd3 b5 13. g4 Bb7 14. Rhg1 Rc8 15.
Rg3 Bxc3 16. bxc3 Ne7 17. Bd4 Ng6 18. Re1 a5 19. f5 a4 20. Na1 Nc5 21. f6 Nxd3+
22. cxd3 Kh8 23. fxg7+ Kxg7 24. Rh3 Rh8 25. Nc2 Kf8 26. Ne3 1-0

[Event "19MCR_F"]
[Site "?"]
[Date "2007.??.??"]
[Round "?"]
[White "Vozda, Jindrich"]
[Black "Firla, Stanislav"]
[Result "1/2-1/2"]
[WhiteElo "2469"]
[BlackElo "2365"]
[PlyCount "101"]
[EventDate "2007.??.??"]
[EventType "corr"]
[EventRounds "1"]
[SourceDate "2007.03.26"]

1. e4 e5 2. Nf3 Nc6 3. Bb5 a6 4. Ba4 Nf6 5. O-O Be7 6. Re1 b5 7. Bb3 d6 8. c3
O-O 9. h3 Na5 10. Bc2 c5 11. d4 Qc7 12. Nbd2 cxd4 13. cxd4 Nc6 14. Nb3 a5 15.
Be3 a4 16. Nbd2 Bd7 17. Rc1 Qb7 18. Qe2 Rfc8 19. Bd3 Rab8 20. a3 h6 21. Red1
Re8 22. Nb1 exd4 23. Nxd4 d5 24. Nc3 b4 25. Ba6 Qa8 26. axb4 Bxb4 27. Nxd5 Nxd5
28. exd5 Nxd4 29. Rxd4 Bd6 30. Rd2 Rb4 31. Bd3 Qb7 32. Qh5 Qb8 33. Bxh6 gxh6
34. Qxh6 Rbe4 35. g3 Bf8 36. Qg5+ Bg7 37. Bxe4 Rxe4 38. Kh2 Re5 39. Qf4 Qd8 40.
h4 Qa5 41. d6 Rh5 42. Qe3 Qf5 43. Kg1 Qh3 44. Rc4 Bf6 45. Qf3 Re5 46. Re4 Rc5
47. Rd1 Kg7 48. Qe2 Rb5 49. Rd2 Kf8 50. Qe3 Rb8 51. Qf4 1/2-1/2